Иконата - символ и образ в модерното българско изкуство (Запис номер 325239)
[ съкратено ]
| 000 -Лидер | |
|---|---|
| Контролно поле с фиксирана дължина | akm a22 a 4500 |
| 003 - Код на организацията, давaща контролен номер | |
| Контролно поле | BLK |
| 005 - Дата и час на последна редакция | |
| Контролно поле | 20220115122920.0 |
| 008 - Елементи от данни с фиксирана дължина | |
| fixed length control field | 181009b bu ||||| |||| 00| 0 bu d |
| 020 ## - Международен стандартен номер на книга ISBN | |
| Международен стандартен номер на книга ISBN | 978-619-7195-08-8 |
| 040 ## - Източник на каталожния запис | |
| Идентификатор на билиотеката - собственик на записа | BLK |
| 041 ## - Код за език | |
| Код за езика на текст/звукозапис или на отделно заглавие | Български |
| Код за езика КДБФ | Български |
| 080 ## - УДК | |
| Текстов определител УДК | Религиозна живопис |
| УДК код - определител по УДК | 75.046 |
| УДК определител | (497.2) |
| УДК - код + определител | 75.046(497.2) |
| 100 ## - Редна дума - Автор | |
| Автор | Домозетски, Любен Димитров |
| R(LIN) | 1535 |
| Авторска отговорност | състав. и текст |
| 245 ## - Сведения за заглавието | |
| Заглавие | Иконата - символ и образ в модерното българско изкуство |
| Подзаглавни данни | Каталог от изложба, 5 дек. 2017 - 4 февр. 2018 |
| 246 ## - Различни форми на заглавието | |
| Паралелно заглавие | The icon - symbol and image in the modern Bulgarian art |
| Подзаглавни данни | Catalogue of an exhibition, December 5, 2017 - February 4, 2018 |
| 260 ## - Област на издателските данни | |
| Година на издаване | 2017 |
| 9 (RLIN) | 213889 |
| Място на издаване, разпространение и проч. | София |
| Име на издателя, разпространителя и проч. | Соф. гр. худож. галерия |
| 300 ## - Физическа характеристика | |
| Страници | 128 с. |
| Илюстрации и др. | с цв. ил., портр. |
| Размери/Мащаб | 21 см |
| 380 ## - Жанр | |
| Жанр | Изкуство |
| 500 ## - Общи забележки | |
| Забележка | Загл. на гърба на кн.: Иконата : The icon. - Иконата - символ и образ в модерното българско изкуство / Любен Домозетски: с. 5-31 |
| 650 #0 - Допълнително описание по предмет – тема | |
| 9 (RLIN) | 247074 |
| Основно описание – тема или топоним | Икони, български |
| 650 #0 - Допълнително описание по предмет – тема | |
| 9 (RLIN) | 263057 |
| Основно описание – тема или топоним | Иконопис, българска |
| 700 ## - Други автори (авторска отговорност) | |
| 9 (RLIN) | 1631 |
| Лично име | Георгиева, Светла Кирилова |
| Автороска отговорност (Описва отношението между автора и произведението) | фотогр. |
| 700 ## - Други автори (авторска отговорност) | |
| 9 (RLIN) | 1631 |
| Лично име | Игнатовски, Цветан |
| Автороска отговорност (Описва отношението между автора и произведението) | фотогр. |
| 852 ## - Местоположение | |
| Форматна сигнатура | Цб 302835 |
| Фондова буква | Хранилище |
| 999 ## - СИСТЕМНИ КОНТРОЛНИ НОМЕРА | |
| Koha biblionumber | 325239 |
| Koha biblioitemnumber | 325239 |
| 942 ## - АРТИКУЛИ | |
| Вид на библиотечния материал | Графични издания |
| Източник на класификационната схема | Universal Decimal Classification |
| Скрит в OPAC | Не |
| Периодичен библиозапис | Да |
| Koha issues (borrowed), all copies | 1 |
| 999 ## - СИСТЕМНИ КОНТРОЛНИ НОМЕРА | |
| Koha biblioitemnumber | 325239 |
| 999 ## - СИСТЕМНИ КОНТРОЛНИ НОМЕРА | |
| Koha biblioitemnumber | 325239 |
| Код за отписване | Код за изгубен артикул | Източник на класификационната схема | Код за повреда | Коз за рестрикции | Код за отдаване | Артикулен № | Име на библиотеката - собственик | Име на библиотеката, в която се намира в момента | Статус (Текущо местоположение) | Дата на вписване в системата | Местоположение - отдел | Цена в лева | Инвентарен номер | Систематично азбучна сигнатура | Баркод | Цена в евро | Служебен тип на артикула |
|---|---|---|---|---|---|---|---|---|---|---|---|---|---|---|---|---|---|
| Не е изгубен | Universal Decimal Classification | Не е повреден | без рестрикции | ползва се в читалня | 681236 | Регионална библиотека "Любен Каравелов" Русе | Регионална библиотека "Любен Каравелов" Русе | Хранилище | 2018-10-02 | Хранилище | 15.00 | 120000824042 | Цб 302835 | 120000824042 | 7.67 | Графични издания |